000 00495nam a2200193Ia 4500
005 20250508160308.0
008 008 250505s9999 xx 000 0 eng d
037 _aTextual
040 _aFEDL
_beng
_cFEDL
041 _aeng
_2eng
084 _a400, CRY
_qFEDL
100 _aCrystal David
245 0 _aWhat is linguistics
250 _a2nd
260 _aLondon, UK
_bEdward Arnold Ltd
_c1969
300 _aviii,87p.
942 _cTEXL
_h400, CRY
999 _c1363448
_d1363448